Tuyệt đỉnh cổ vật tiểu thuyết
Αποθηκεύτηκε σε:
| Κύριος συγγραφέας: | |
|---|---|
| Μορφή: | Βιβλίο |
| Γλώσσα: | Vietnamese |
| Έκδοση: |
Hà Nội
Hà Nội
2017
|
| Θέματα: | |
| Ετικέτες: |
Προσθήκη ετικέτας
Δεν υπάρχουν, Καταχωρήστε ετικέτα πρώτοι!
|
| Thư viện lưu trữ: | Trung tâm Học liệu Lê Vũ Hùng, Trường Đại học Đồng Tháp |
|---|
| LEADER | 00711nam a22002298a 4500 | ||
|---|---|---|---|
| 001 | 00042879 | ||
| 005 | 20181026081049.0 | ||
| 008 | 171101s2017####-vm#################vie|d | ||
| 020 | # | # | |c 169000 |a 978 604 55 2011 6 |
| 041 | 0 | # | |a Vie |
| 082 | # | # | |a 895.922 34 |b T528Đ |
| 100 | 1 | # | |a Nhung Hà |
| 245 | 1 | 0 | |b tiểu thuyết |a Tuyệt đỉnh cổ vật |c Nhung Hà |
| 260 | # | # | |b Hà Nội |c 2017 |a Hà Nội |
| 300 | # | # | |b Hình vẽ |a 610 tr. |c 24 cm. |
| 653 | # | # | |a Tiểu thuyết |
| 653 | # | # | |a Việt Nam |
| 653 | # | # | |a Văn học hiện đại |
| 852 | # | # | |j KD.0024842 |
| 910 | 0 | # | |d 26/10/2018 |
| 980 | # | # | |a Trung tâm Học liệu Lê Vũ Hùng, Trường Đại học Đồng Tháp |